00614 2200229 4500001002100000005001500021035002000036245006500056100002500121250000600146300003400152260004300186082001000229084001600239020002200255650002200277990001700299990001700316990001700333990001700350990001700367INLIS00000000000024520180921111241 a0010-09180000991 aGerungan Saul Samuel Jacob Ratulangi /cDrs. Mardanas Safwan0 aDrs. Mardanas Safwan a- av, 62 hlm. :bilus. ;c21 cm. aJakarta :bMutiara Sumber Widya,c2010 a923.5 a923.5 MAR g a978-979-9331-18-8 aBiografi Pahlawan a01014/P/2018 a01015/P/2018 a01062/H/2018 a01063/H/2018 a01064/H/2018